Postkeynesiánství

Hlavné prínosy postkeynesiánskej teórie. Najvýznamnejší predstavitelia teórie. Vplyv nestabilného vývoja v čase. Nedosiahnuteľnosť stáleho rastu. Výklad inflácie v teórii postkeynesiánstva.

Saved in:
Bibliographic Details
Main Author: Koderová, Jitka
Format: Book
Language:Czech
Subjects:
Tags: Add Tag
No Tags, Be the first to tag this record!

MARC

LEADER 00000nam a2200000 4500
001 r030789
005 20230920094632.4
041 0 |a cze 
044 |a CZ 
245 1 0 |a Postkeynesiánství  |c Jitka Koderová 
520 |a Hlavné prínosy postkeynesiánskej teórie. Najvýznamnejší predstavitelia teórie. Vplyv nestabilného vývoja v čase. Nedosiahnuteľnosť stáleho rastu. Výklad inflácie v teórii postkeynesiánstva. 
610 2 0 |a dejiny teórií ekonomických 
610 2 0 |a postkeynesizmus 
610 2 0 |a čas 
610 2 0 |a rast hospodársky dlhodobý 
610 2 0 |a inflácia 
100 1 |a Koderová, Jitka